Top 500 Male Baby Names of 2017 in the U.S. - Statistics

General Stats
  • This quiz has been taken 843 times
  • The average score is 197 of 500
Answer Stats
Hint Answer % Correct
J Jack
94%
J John
94%
W William
94%
J James
93%
M Michael
91%
J Jose
90%
L Liam
90%
O Oliver
90%
A Alex
89%
B Benjamin
89%
D Daniel
88%
N Noah
87%
S Samuel
87%
D David
86%
J Jesus
86%
J Joseph
86%
L Luca
86%
L Luka
86%
A Alexander
85%
A Andre
85%
L Luke
85%
H Henry
84%
M Matthew
84%
E Eli
83%
J Jackson
83%
E Ethan
82%
J Jacob
82%
L Lukas
82%
G George
81%
M Mark
81%
T Thomas
81%
A Andrew
80%
L Leo
80%
L Lucas
80%
N Nathan
80%
R Robert
79%
A Adam
78%
C Charles
78%
E Edward
78%
C Christopher
77%
S Steven
77%
A Alijah
76%
A Anthony
76%
E Elijah
76%
L Leon
76%
P Paul
76%
M Mason
75%
R Ryan
75%
S Stephen
75%
Z Zachary
75%
D Dean
74%
J Jayson
74%
J Joshua
74%
N Nicolas
74%
J Jason
73%
J Jayceon
73%
J Johnathan
73%
P Peter
73%
R Richard
73%
S Sean
73%
S Shawn
73%
B Brian
72%
B Bryan
72%
A Aaron
71%
J Justin
71%
L Logan
71%
A Adan
70%
A Aden
70%
A Aidan
70%
A Aiden
70%
A Ayden
70%
C Christian
70%
C Cristian
70%
E Evan
70%
L Luis
70%
F Frank
69%
I Isaac
69%
J Jay
69%
J Jeremy
69%
O Owen
69%
T Timothy
69%
T Tyler
69%
B Brandon
68%
C Conner
68%
C Connor
68%
C Conor
68%
E Eric
68%
E Erick
68%
E Erik
68%
J Jake
68%
J Jonathan
68%
N Nicholas
68%
C Charlie
67%
D Donald
67%
D Dylan
66%
I Ian
66%
J Jordan
66%
K Kyle
66%
N Nathaniel
66%
A Allen
65%
J Jaiden
65%
J Jayden
65%
K Kevin
65%
M Marcus
65%
J Jaden
64%
P Patrick
63%
P Philip
63%
P Phillip
63%
T Theo
63%
X Xavier
63%
G Gregory
62%
L Leonardo
62%
R Ronald
62%
V Victor
62%
O Oscar
61%
V Vincent
61%
A Arthur
60%
B Bradley
60%
K Karter
60%
C Carter
59%
G Gabriel
59%
J Jonah
59%
L Louis
59%
M Martin
59%
T Theodore
59%
C Cameron
58%
J Julian
58%
K Kameron
58%
J Jeremiah
57%
M Max
57%
A Austin
56%
H Harrison
56%
K Kenneth
56%
S Simon
56%
E Elliot
55%
A Albert
54%
C Cole
54%
I Ivan
54%
J Jaime
54%
S Sebastian
54%
C Collin
53%
D Damian
53%
D Damien
53%
G Grayson
53%
G Greyson
53%
J Joel
53%
K Kaiden
53%
W Wyatt
53%
J Juan
52%
A Abraham
51%
A Antonio
51%
C Caleb
51%
C Carlos
51%
F Frederick
51%
K Kai
51%
K Kaleb
51%
L Lawrence
51%
M Miles
51%
M Myles
51%
W Walter
51%
A Alan
50%
I Isaiah
50%
J Jeffrey
50%
L Landen
50%
L Landon
50%
C Caiden
49%
E Elliott
49%
F Francis
49%
H Hunter
49%
J Jax
49%
J Jesse
49%
L Levi
49%
R Raymond
49%
B Blake
48%
C Caden
48%
C Cayden
48%
C Chase
48%
C Cooper
48%
J Jude
48%
K Kaden
48%
K Kayden
48%
N Noel
48%
Z Zayn
48%
C Cody
47%
C Corey
47%
J Johnny
47%
R Riley
47%
S Scott
47%
A Adrian
46%
F Finn
46%
K Karson
46%
P Parker
46%
A Ashton
45%
C Carson
45%
J Josiah
45%
C Colin
44%
G Grant
44%
D Derek
43%
D Drew
43%
G Gavin
43%
H Hayden
43%
M Marco
43%
M Mateo
43%
M Matteo
43%
A Abel
42%
A Andy
42%
B Brayden
42%
C Colt
42%
E Elias
42%
K Kade
42%
K Keith
42%
M Muhammad
42%
S Seth
42%
W Wesley
42%
A Asher
41%
E Edwin
41%
M Maxwell
41%
T Trevor
41%
B Brady
40%
C Colton
40%
J Jared
40%
K Kolton
40%
Q Quinn
40%
B Brody
39%
F Franklin
39%
G Graham
39%
L Lincoln
39%
W Warren
39%
Z Zane
39%
A Ali
38%
D Dominic
38%
D Dominick
38%
N Nolan
38%
C Calvin
37%
D Damon
37%
F Felix
37%
S Shane
37%
T Tristan
37%
B Bruce
36%
B Bryce
36%
E Emmett
36%
G Garrett
36%
J Jameson
36%
J Jamison
36%
M Milo
36%
N Nico
36%
R Roberto
36%
T Travis
36%
X Xander
36%
Z Zayne
36%
A Alejandro
35%
A Axel
35%
E Ellis
35%
E Ezra
35%
J Jasper
35%
A Avery
34%
C Cade
34%
E Eduardo
34%
H Harvey
34%
H Hudson
34%
J Jayce
34%
M Miguel
34%
M Mohamed
34%
R Roman
34%
W Weston
34%
A Angel
33%
H Hugo
33%
J Javier
33%
J Julio
33%
M Mario
33%
P Preston
33%
R Rhys
33%
R Ricardo
33%
Z Zachariah
33%
A Alexis
32%
D Drake
32%
E Ezekiel
32%
F Finley
32%
J Jonas
32%
T Tobias
32%
T Troy
32%
C Clayton
31%
E Edgar
31%
J Jase
31%
J Jaxson
31%
M Micah
31%
P Pedro
31%
R Russell
31%
S Spencer
31%
T Tyson
31%
A August
30%
D Dallas
30%
R Rowan
30%
R Rowen
30%
A Archer
29%
C Chance
29%
E Easton
29%
E Everett
29%
J Jace
29%
J Jorge
29%
M Marshall
29%
P Peyton
29%
R Rory
29%
R River
28%
B Bennett
27%
B Bentley
27%
D Dexter
27%
J Jaxon
27%
M Moises
27%
R Rafael
27%
R Ruben
27%
S Silas
27%
W Wade
27%
C Camden
26%
D Declan
26%
D Devin
26%
E Emanuel
26%
E Emmanuel
26%
J Julius
26%
K Kamden
26%
K Kash
26%
K King
26%
M Manuel
26%
M Moses
26%
S Saul
26%
A Angelo
25%
B Beau
25%
C Cash
25%
D Davis
25%
M Maverick
25%
M Maximus
25%
O Omar
25%
R Ryder
25%
T Tucker
25%
W Winston
25%
A Anderson
24%
A Andres
24%
B Braxton
24%
C Chandler
24%
D Diego
24%
E Emerson
24%
M Maximilian
24%
P Pablo
24%
S Solomon
24%
T Tanner
24%
C Clark
23%
F Francisco
23%
J Judah
23%
S Sawyer
23%
B Brycen
22%
D Darius
22%
M Maddox
22%
P Paxton
22%
W Walker
22%
A Ace
21%
A Arlo
21%
D Dawson
21%
D Donovan
21%
E Emilio
21%
P Prince
21%
B Bryson
20%
H Hank
20%
I Israel
20%
J Jett
20%
L Lorenzo
20%
M Malakai
20%
M Malcolm
20%
R Romeo
20%
A Ari
19%
C Corbin
19%
K Kingston
19%
R Reed
19%
R Reid
19%
R Remy
19%
R Ronan
19%
S Skyler
19%
T Trenton
19%
B Brooks
18%
D Dax
18%
F Fernando
18%
G Giovanni
18%
M Mathias
18%
M Matthias
18%
Z Zaiden
18%
Z Zayden
18%
B Benson
17%
D Dalton
17%
D Desmond
17%
E Enzo
17%
H Hector
17%
J Jensen
17%
K Kyler
17%
L Lennox
17%
P Phoenix
17%
Z Zander
17%
A Augustus
16%
E Enrique
16%
G Gage
16%
K Keegan
16%
P Porter
16%
R Ryker
16%
S Santiago
16%
Z Zion
16%
B Beckett
15%
D Dakota
15%
F Fabian
15%
G Grady
15%
G Griffin
15%
H Holden
15%
K Kayson
15%
M Malachi
15%
R Rylan
15%
A Armando
14%
C Cruz
14%
E Eden
14%
G Gideon
14%
J Jaylen
14%
K Kane
14%
L Lane
14%
M Marcos
14%
O Odin
14%
R Rhett
14%
T Tate
14%
B Barrett
13%
C Cyrus
13%
D Dante
13%
G Gunnar
13%
G Gunner
13%
K Kian
13%
O Otto
13%
R Rocco
13%
S Sergio
13%
A Amir
12%
A Atticus
12%
B Bodhi
12%
G Gael
12%
K Kasen
12%
K Kason
12%
K Killian
12%
O Orion
12%
R Remington
12%
W Waylon
12%
E Esteban
11%
I Ismael
11%
J Joaquin
11%
L Lawson
11%
B Brantley
10%
C Cesar
10%
C Cohen
10%
D Daxton
10%
H Hayes
10%
I Ibrahim
10%
K Kendrick
10%
N Nash
10%
S Sullivan
10%
T Titus
10%
A Atlas
9%
B Beckham
9%
D Derrick
9%
H Hendrix
9%
J Jaxton
9%
E Emiliano
8%
F Finnegan
8%
J Josue
8%
M Malik
8%
M Matias
8%
M Messiah
8%
M Milan
8%
N Nehemiah
8%
N Nixon
8%
O Oakley
8%
P Princeton
8%
S Sage
8%
T Thiago
8%
A Abram
7%
A Amari
7%
K Knox
7%
K Kyrie
7%
L Leland
7%
M Maximiliano
7%
R Royce
7%
S Sterling
7%
A Adriel
6%
A Ariel
6%
L Legend
6%
A Asa
5%
B Braylon
5%
G Gerardo
5%
L Leonel
5%
R Raiden
5%
A Adonis
4%
B Braylen
4%
I Iker
4%
K Khalil
3%
K Kyson
3%
M Major
3%
B Bowen
2%
E Ezequiel
2%
L Leonidas
1%
N Nasir
1%
No matching quizzes found
Score Distribution
Percent of People with Each Score
Percentile by Number Answered
Your Score History
You have not taken this quiz